000 01175nam a2200229 i 4500
001 185368
003 SpMaBN
005 20251011063201.0
008 160525s1989 sp a c |||| |dspa d
080 _a7 Eslava, Antonio(083.824)
100 1 _aEslava, Antonio,
_d1936-
_9159644
245 1 0 _aAntonio Eslava expone "Tres Libros de Artista"
_b: Sala de Exposiciones de Calcografía Nacional, Madrid, 1989.
260 _aMadrid :
_bCalcografía Nacional,
_c1989.
300 _a61 p. :
_bil. ;
_c31 cm.
505 8 _aContiene: ;
_t"Mar océana": seis aguafuertes: conmemorando el Quinto Centenario del descubrimiento de América /
_rtextos, José María de Areilza y Víctor Manuel Arbeloa. --
_tEl "Encierro": xilografías /
_r"Poema gráfico" por Julio Caro Baroja y "El hoy y el ayer de nosotros y el toro" por Miguel Javier Urmeneta. --
_tSan Virila: acuarelas /
_rJorge Oteiza, Tomás Moral Contreras
600 1 7 _aEslava, Antonio,
_d1936-
_vExposiciones
_2
_9159645
655 7 _2tgfbne
_9193628
_aCatálogos de exposiciones
710 2 _aCalcografía Nacional (España)
_92350
852 _aES-MaACL
_j2330-F-13
942 _2udc
999 _c185368
_d185368